000 00661nam a2200253Ia 4500
003 OSt
005 20221006153823.0
006 a|||||r|||| 00| 0
007 ta
008 221006b |||||||| |||| 00| 0 chi d
024 _a33,484
037 _bGift, PRC
_cTextual
040 _aEASL
_cEASL
_bchi
041 _2chi
_achi
082 _aV41, 41J6
100 _aYang Jia Luo Ed.
_9665544
245 0 _aBai Xiang Shan Shi Ji
260 _aTaibei
_bShi Jie Shu Ju Yin Xing
_c1952
300 _av.p.
_ccm.
490 _v CL
650 _aCL
_9642733
942 _hV41, 41J6
_cTEXL
_2CC
999 _c1101570
_d1101570